00400nam a2200145Ia 4500008004100000020000700041082001700048100002200065245005700087250001200144260003400156300001000190600002700200650002700227241115s9999 xx 000 0 und d aNA a621.3822 MIT aSanjit, Mishra K. 0aDigital Signal Processing: a computer based approach a2nd ed. aBoston:bMcGrew Hill,c,2007. a866p. aElectrical Engineering aElectronic Engineering